[Event "VI Festival Scacchi Verdi"]
[Site "Bresso ITA"]
[Date "2007.06.16"]
[Round "4"]
[White "Agrifoglio, Fabio"]
[Black "Azzinaro, Luca"]
[Result "1-0"]
[WhiteElo "2000"]
[BlackElo "1422"]
[PlyCount "59"]
[EventDate "2007.06.14"]

1. d4 d5 2. c4 c6 3. Nc3 Nf6 4. Nf3 Bf5 5. Bf4 e6 6. e3 Be7 7. Bd3 Bxd3 8. Qxd3
O-O 9. h3 Nbd7 10. O-O Nb6 11. b3 Qd7 12. a4 Rad8 13. c5 Nc8 14. b4 Rfe8 15.
Ne5 Qc7 16. Nxf7 e5 17. Bxe5 Qd7 18. Nxd8 Bxd8 19. f4 Qf7 20. b5 Nd7 21. bxc6
bxc6 22. Qa6 Nxe5 23. fxe5 Qd7 24. Rab1 Bg5 25. Rf3 h6 26. Rb7 Qe6 27. Rc7 Ne7
28. Nb5 Nf5 29. Rxc6 Qf7 30. Nd6 1-0

[Event "VI Festival Scacchi Verdi"]
[Site "Bresso ITA"]
[Date "2007.06.16"]
[Round "4"]
[White "Andreazza, Attilio"]
[Black "Madaschi, Sergio"]
[Result "1-0"]
[WhiteElo "2092"]
[BlackElo "1511"]
[PlyCount "47"]
[EventDate "2007.06.14"]

1. d4 d5 2. c4 e6 3. Nc3 Nf6 4. cxd5 exd5 5. Bg5 Be7 6. e3 O-O 7. Bd3 h6 8. Bf4
Bd6 9. Nge2 Re8 10. O-O c6 11. Qc2 Bg4 12. Bxd6 Qxd6 13. f3 Bc8 14. e4 dxe4 15.
fxe4 Ng4 16. e5 Qe7 17. Rf3 h5 18. Raf1 Be6 19. Nf4 g6 20. Bxg6 fxg6 21. Qxg6+
Kh8 22. Nxe6 Nd7 23. Rf7 Qxe6 24. Qg7# 1-0

[Event "VI Festival Scacchi Verdi"]
[Site "Bresso ITA"]
[Date "2007.06.16"]
[Round "4"]
[White "Barberi, Alessandro"]
[Black "Georgiev, Vladimir"]
[Result "0-1"]
[WhiteElo "2152"]
[BlackElo "2540"]
[PlyCount "50"]
[EventDate "2007.06.14"]

1. d4 Nf6 2. Nf3 d5 3. c4 e6 4. e3 a6 5. b3 c5 6. Bd3 cxd4 7. exd4 Bb4+ 8. Nbd2
Bc3 9. Rb1 Nc6 10. Bb2 dxc4 11. Bxc3 cxd3 12. Nc4 b5 13. Ne3 Bb7 14. Qxd3 Ne7
15. Nd2 Rc8 16. f3 Ned5 17. Nxd5 Nxd5 18. Ne4 Nf4 19. Qd2 Bxe4 20. fxe4 Nxg2+
21. Qxg2 Rxc3 22. Qxg7 Qh4+ 23. Kd2 Qh3 24. Qxh8+ Ke7 25. Rbf1 Qe3+ 0-1

[Event "VI Festival Scacchi Verdi"]
[Site "Bresso ITA"]
[Date "2007.06.16"]
[Round "4"]
[White "Basilico, Davide"]
[Black "Rettore, Ludwig"]
[Result "0-1"]
[WhiteElo "1632"]
[BlackElo "2172"]
[PlyCount "52"]
[EventDate "2007.06.14"]

1. e4 e5 2. f4 exf4 3. Nf3 d5 4. exd5 Nf6 5. d4 Bd6 6. c4 O-O 7. Be2 Re8 8. O-O
Bg4 9. Nc3 Ne4 10. Nxe4 Rxe4 11. Bd3 Re8 12. Qc2 Bxf3 13. Rxf3 Re1+ 14. Bf1 c5
15. Rh3 g6 16. Kf2 Qe7 17. Be2 Rh1 18. b4 Na6 19. Bb2 Nxb4 20. Qd2 Rxa1 21.
Bxa1 Re8 22. dxc5 Bxc5+ 23. Kf1 Qe4 24. Qe1 Nc2 25. Qd2 Nxa1 26. Rd3 Bd6 0-1

[Event "VI Festival Scacchi Verdi"]
[Site "Bresso ITA"]
[Date "2007.06.16"]
[Round "4"]
[White "Cardani, Roberto"]
[Black "De La Pena, Elmer"]
[Result "1-0"]
[WhiteElo "1904"]
[BlackElo "1927"]
[PlyCount "47"]
[EventDate "2007.06.14"]

1. e4 c5 2. Nf3 Nc6 3. d4 cxd4 4. Nxd4 Nf6 5. Nc3 g6 6. Nxc6 bxc6 7. e5 Ng8 8.
Bc4 Bg7 9. f4 a5 10. Qe2 Qb6 11. Ne4 Nh6 12. Be3 Qxb2 13. O-O Rb8 14. Rab1 Qa3
15. Bc1 Qb4 16. Bxf7+ Kxf7 17. Rxb4 axb4 18. Qc4+ d5 19. Ng5+ Ke8 20. Qxc6+ Bd7
21. Qxd5 Rc8 22. Rd1 Bf5 23. e6 Rb8 24. Qd7+ 1-0

[Event "VI Festival Scacchi Verdi"]
[Site "Bresso ITA"]
[Date "2007.06.16"]
[Round "4"]
[White "Cimo', Alessandro"]
[Black "Carbone, Lorenzo"]
[Result "1/2-1/2"]
[WhiteElo "1530"]
[BlackElo "1820"]
[PlyCount "50"]
[EventDate "2007.06.14"]

1. d4 d5 2. c4 e6 3. Nc3 Nf6 4. Bg5 Be7 5. Nf3 Nbd7 6. cxd5 exd5 7. e3 O-O 8.
Qc2 h6 9. Bh4 c6 10. Bd3 b6 11. O-O Bb7 12. Bf5 c5 13. Qa4 a6 14. Bxd7 Nxd7 15.
Bxe7 Qxe7 16. dxc5 b5 17. Qd4 Qxc5 18. Rfd1 Qxd4 19. Rxd4 Nf6 20. a3 Rac8 21.
Rad1 Rc4 22. Ne5 Rxd4 23. Rxd4 Rc8 24. Nd3 Kf8 25. f3 Rc4 1/2-1/2

[Event "VI Festival Scacchi Verdi"]
[Site "Bresso ITA"]
[Date "2007.06.16"]
[Round "4"]
[White "D'Aulisa, Francesco"]
[Black "Mingolla, Patrizio"]
[Result "0-1"]
[WhiteElo "1856"]
[BlackElo "1488"]
[PlyCount "68"]
[EventDate "2007.06.14"]

1. e4 e5 2. Nf3 Nc6 3. Bb5 a6 4. Bxc6 dxc6 5. O-O Bg4 6. h3 h5 7. d4 Bxf3 8.
Qxf3 Qxd4 9. Rd1 Qc4 10. Qf5 Bd6 11. Na3 Qe6 12. Qxe6+ fxe6 13. Nc4 O-O-O 14.
Bg5 Rd7 15. Rd2 Nf6 16. f3 b5 17. Na5 Bc5+ 18. Kf1 Rxd2 19. Bxd2 Rd8 20. Ke2
Rd6 21. Rd1 Bb6 22. Nb3 c5 23. Be3 Rxd1 24. Kxd1 c4 25. Bxb6 cxb3 26. axb3 cxb6
27. Kd2 Kc7 28. Ke3 Kd6 29. f4 g6 30. c3 h4 31. Kf3 Nh5 32. fxe5+ Kxe5 33. Kg4
Kxe4 34. Kxh4 Kf4 0-1

[Event "VI Festival Scacchi Verdi"]
[Site "Bresso ITA"]
[Date "2007.06.16"]
[Round "4"]
[White "Fiorili, Roberto"]
[Black "D'Alessio, Angelo"]
[Result "0-1"]
[WhiteElo "1939"]
[BlackElo "1440"]
[PlyCount "32"]
[EventDate "2007.06.14"]

1. e4 e6 2. d4 d5 3. Nc3 Nf6 4. e5 Nfd7 5. Qh5 a6 6. Nf3 g6 7. Qh3 c5 8. Bd3
Nc6 9. Ng5 Bg7 10. O-O cxd4 11. Nxd5 Ndxe5 12. Nf4 Qxg5 13. Nxe6 Bxe6 14. Qxe6+
fxe6 15. Bxg5 Nxd3 16. cxd3 O-O 0-1

[Event "VI Festival Scacchi Verdi"]
[Site "Bresso ITA"]
[Date "2007.06.16"]
[Round "4"]
[White "Garlera, Marco"]
[Black "Brighenti, Alessandro"]
[Result "1-0"]
[WhiteElo "1478"]
[BlackElo "1597"]
[PlyCount "96"]
[EventDate "2007.06.14"]

1. e4 e5 2. Nc3 Nf6 3. g3 Nc6 4. Bg2 d6 5. Nge2 Bg4 6. O-O Qd7 7. d3 O-O-O 8.
Be3 Bh3 9. Qd2 Bxg2 10. Kxg2 Be7 11. h3 d5 12. exd5 Nxd5 13. a3 Nxe3+ 14. Qxe3
Nd4 15. Kh2 Bf6 16. Ne4 b6 17. Nxd4 exd4 18. Qf3 Qd5 19. Qg4+ Kb8 20. Nxf6 gxf6
21. Rfe1 Rde8 22. Qf4 Re6 23. Rxe6 Qxe6 24. Qxd4 Re8 25. c4 Kc8 26. Rf1 Rd8 27.
Qc3 Qf5 28. d4 Re8 29. Qd2 Qe4 30. Kg1 Qe2 31. Qxe2 Rxe2 32. b3 Kd7 33. Rd1 Rb2
34. Rd3 Rb1+ 35. Kg2 Re1 36. Re3 Rd1 37. Re4 Rd3 38. Rf4 Rxb3 39. Rxf6 Ke7 40.
Rc6 Kd7 41. Rf6 Ke7 42. Rc6 Kd7 43. Rh6 Rxa3 44. Rxh7 Ke7 45. g4 Ra4 46. g5 Ra5
47. h4 Ke8 48. Rh8+ Ke7 1-0

[Event "VI Festival Scacchi Verdi"]
[Site "Bresso ITA"]
[Date "2007.06.16"]
[Round "4"]
[White "Marelli, Vittorio"]
[Black "Taglione, Giuseppe"]
[Result "1/2-1/2"]
[WhiteElo "1427"]
[BlackElo "1403"]
[PlyCount "34"]
[EventDate "2007.06.14"]

1. e4 e5 2. Nf3 Nc6 3. Bb5 Nge7 4. d3 d6 5. O-O g6 6. Nc3 Bd7 7. Bg5 a6 8. Bc4
Bg7 9. Nd5 Be6 10. Nf6+ Bxf6 11. Bxf6 Rf8 12. Qd2 Qd7 13. Qh6 Ng8 14. Qg7 Nxf6
15. Qxf6 Qe7 16. Qg7 Bxc4 17. dxc4 f6 1/2-1/2

[Event "VI Festival Scacchi Verdi"]
[Site "Bresso ITA"]
[Date "2007.06.16"]
[Round "4"]
[White "Maremonti, Marco"]
[Black "Nava, Mario"]
[Result "1-0"]
[WhiteElo "1440"]
[BlackElo "1431"]
[PlyCount "83"]
[EventDate "2007.06.14"]

1. d4 d5 2. c4 dxc4 3. e4 c5 4. d5 Nf6 5. Nc3 Bg4 6. Be2 Bc8 7. Bxc4 e5 8. Nf3
Bd6 9. O-O Bd7 10. Bg5 h6 11. Bh4 a6 12. a4 Bg4 13. Be2 Qe7 14. h3 Bd7 15. Nh2
Qd8 16. Bg4 Bxg4 17. Nxg4 Nbd7 18. Nxf6+ Nxf6 19. Qf3 g5 20. Bg3 Qe7 21. Nd1
Nh7 22. Ne3 O-O-O 23. Nf5 Qf6 24. Rfc1 Rd7 25. b4 Rc7 26. Nxd6+ Qxd6 27. bxc5
Qf6 28. Qxf6 Nxf6 29. Bxe5 Re7 30. Bxf6 Rxe4 31. Bxh8 Re8 32. Bf6 Rg8 33. Re1
Kb8 34. d6 Rg6 35. Re8+ Ka7 36. Bd4 Re6 37. c6+ b6 38. Re7+ Rxe7 39. dxe7 a5
40. e8=Q f5 41. Qd7+ Ka6 42. Qb7# 1-0

[Event "VI Festival Scacchi Verdi"]
[Site "Bresso ITA"]
[Date "2007.06.16"]
[Round "4"]
[White "Pelizzola, Danilo"]
[Black "Smokina, Karolina"]
[Result "1/2-1/2"]
[WhiteElo "2070"]
[BlackElo "2192"]
[PlyCount "42"]
[EventDate "2007.06.14"]

1. e4 c5 2. Nf3 Nc6 3. d4 cxd4 4. Nxd4 e5 5. Nb5 d6 6. N1c3 a6 7. Na3 Be6 8.
Nc4 Rc8 9. Ne3 Nf6 10. Bd3 Nb4 11. O-O d5 12. exd5 Nbxd5 13. Ncxd5 Nxd5 14.
Nxd5 Qxd5 15. Qe2 Be7 16. f4 exf4 17. Bxf4 O-O 18. Qe4 f5 19. Qxd5 Bxd5 20. Be3
g6 21. Bd4 Rfe8 1/2-1/2

[Event "VI Festival Scacchi Verdi"]
[Site "Bresso ITA"]
[Date "2007.06.16"]
[Round "4"]
[White "Pepa, Syrja"]
[Black "Capuano, Eugenio"]
[Result "0-1"]
[WhiteElo "1817"]
[BlackElo "2237"]
[PlyCount "64"]
[EventDate "2007.06.14"]

1. e4 c5 2. Nf3 Nc6 3. d4 cxd4 4. Nxd4 e5 5. Nb5 d6 6. N1c3 a6 7. Na3 b5 8. Nd5
Nge7 9. Bg5 h6 10. Be3 Nxd5 11. exd5 Ne7 12. f3 g6 13. Qd2 Nf5 14. Bf2 h5 15.
c3 Bh6 16. Qd3 Ne7 17. Nc2 Bb7 18. a4 O-O 19. Ne3 Bxe3 20. Bxe3 Nxd5 21. Bf2
Re8 22. O-O-O Qa5 23. axb5 Rec8 24. Kd2 Nf4 25. Qe3 axb5 26. g3 Nd5 27. Qd3 Qa2
28. Qb1 Nxc3 29. Qxa2 Rxa2 30. Rc1 Rxb2+ 31. Ke1 Bxf3 32. Rg1 b4 0-1

[Event "VI Festival Scacchi Verdi"]
[Site "Bresso ITA"]
[Date "2007.06.16"]
[Round "4"]
[White "Ragoso, Mario"]
[Black "Murli, Almerico"]
[Result "1-0"]
[WhiteElo "1655"]
[BlackElo "1896"]
[PlyCount "110"]
[EventDate "2007.06.14"]

1. d4 g6 2. c4 Bg7 3. Nc3 Nf6 4. e4 d6 5. Nf3 O-O 6. Be2 e5 7. O-O Nc6 8. d5
Ne7 9. b4 Nh5 10. h3 Nf4 11. Be3 h6 12. Rc1 f5 13. c5 Nxe2+ 14. Qxe2 f4 15. Bd2
g5 16. Nh2 Ng6 17. cxd6 cxd6 18. Rc2 Nh4 19. Rfc1 f3 20. Nxf3 Nxf3+ 21. gxf3
Qd7 22. Nb5 Qxh3 23. Nxd6 Bd7 24. Rc3 Rf6 25. f4 Qh4 26. fxe5 Bg4 27. f3 Qg3+
28. Qg2 Qxe5 29. Qxg4 Qxd6 30. Rc7 Qb6+ 31. Kg2 Raf8 32. Rxg7+ Kxg7 33. Bc3
R8f7 34. Bxf6+ Qxf6 35. Rd1 Qd6 36. Qg3 Rf4 37. Qf2 b6 38. Qd4+ Kh7 39. Rh1 g4
40. Rf1 gxf3+ 41. Rxf3 Rg4+ 42. Kf1 Qg6 43. d6 Rxe4 44. Qd5 Re6 45. d7 Qb1+ 46.
Kg2 Qg6+ 47. Kh3 Rd6 48. d8=Q Rxd8 49. Qxd8 Qh5+ 50. Kg2 Qg6+ 51. Kh2 Qh5+ 52.
Kg2 Qg6+ 53. Rg3 Qc2+ 54. Kh3 Qf5+ 55. Kh2 Qc2+ 1-0

[Event "VI Festival Scacchi Verdi"]
[Site "Bresso ITA"]
[Date "2007.06.16"]
[Round "4"]
[White "Rossini, Luca"]
[Black "D'Apa, Massimo"]
[Result "1/2-1/2"]
[WhiteElo "1440"]
[BlackElo "1488"]
[PlyCount "92"]
[EventDate "2007.06.14"]

1. d4 Nf6 2. c4 g6 3. Nc3 Bg7 4. e4 d6 5. Bg5 Nbd7 6. Nf3 O-O 7. Bd3 e5 8. d5
a5 9. O-O Nc5 10. a3 a4 11. Bc2 Bd7 12. Rc1 h6 13. Be3 Nh5 14. Qd2 g5 15. Qe2
Nf4 16. Bxf4 gxf4 17. Rb1 Bg4 18. h3 Bh5 19. b3 axb3 20. Bxb3 Rxa3 21. Qd1 Bxf3
22. gxf3 Qh4 23. Kg2 Kh8 24. Rh1 Rg8 25. Kf1 Bf6 26. Nb5 Ra5 27. Nxc7 Qh5 28.
Ke2 Nxe4 29. Qd3 Nc5 30. Qd2 Nxb3 31. Rxb3 e4 32. Qxa5 exf3+ 33. Kd1 Qe5 34.
Rxb7 Qe2+ 35. Kc1 Qxc4+ 36. Kb1 Qd3+ 37. Ka2 Qc2+ 38. Ka3 Qd3+ 39. Rb3 Qc2 40.
Rh2 Qc1+ 41. Ka4 Qc4+ 42. Rb4 Qa2+ 43. Kb5 Rb8+ 44. Ka6 Qxa5+ 45. Kxa5 Bc3 46.
Na6 Ra8 1/2-1/2

[Event "VI Festival Scacchi Verdi"]
[Site "Bresso ITA"]
[Date "2007.06.17"]
[Round "5"]
[White "Azzinaro, Luca"]
[Black "Rossini, Luca"]
[Result "0-1"]
[WhiteElo "1422"]
[BlackElo "1440"]
[PlyCount "47"]
[EventDate "2007.06.14"]

1. e4 c5 2. c3 Nc6 3. d4 d6 4. Nf3 Bg4 5. d5 Ne5 6. Be2 g6 7. O-O Bg7 8. h3
Bxf3 9. Bxf3 Nf6 10. Bf4 O-O 11. Bxe5 dxe5 12. Qb3 b6 13. Nd2 e6 14. Nc4 exd5
15. exd5 e4 16. Be2 Qxd5 17. Rad1 Qg5 18. Rfe1 Rad8 19. Nd6 e3 20. f3 Qg3 21.
Rf1 Rxd6 22. Rde1 Nh5 23. Kh1 Be5 24. f4 0-1

[Event "VI Festival Scacchi Verdi"]
[Site "Bresso ITA"]
[Date "2007.06.17"]
[Round "5"]
[White "Capuano, Eugenio"]
[Black "Agrifoglio, Fabio"]
[Result "1-0"]
[WhiteElo "2237"]
[BlackElo "2000"]
[PlyCount "93"]
[EventDate "2007.06.14"]

1. d4 d5 2. c4 e6 3. Nc3 Nf6 4. Bg5 Be7 5. e3 O-O 6. Nf3 Nbd7 7. Rc1 c6 8. Bd3
h6 9. Bh4 dxc4 10. Bxc4 b6 11. O-O Bb7 12. Qe2 a5 13. Rfd1 b5 14. Bd3 Re8 15.
e4 b4 16. Na4 Nf8 17. Nc5 Bc8 18. Ne5 Bxc5 19. dxc5 Bd7 20. Ng4 e5 21. Bxf6
Bxg4 22. Bxd8 Bxe2 23. Bxe2 Rexd8 24. Bg4 Rd4 25. Rxd4 exd4 26. f4 Re8 27. e5
Ne6 28. g3 g5 29. Bf3 gxf4 30. Bxc6 Rc8 31. Bb5 fxg3 32. c6 gxh2+ 33. Kxh2 Rc7
34. Kg3 Kg7 35. Kf3 Ng5+ 36. Kf4 f6 37. Kf5 fxe5 38. Kxe5 Nf7+ 39. Kxd4 Kf6 40.
Kc5 Rc8 41. Ba6 Re8 42. c7 Ne5 43. Rf1+ Kg5 44. c8=Q Nd3+ 45. Kb5 Rxc8 46. Bxc8
h5 47. Kxa5 1-0

[Event "VI Festival Scacchi Verdi"]
[Site "Bresso ITA"]
[Date "2007.06.17"]
[Round "5"]
[White "Carbone, Lorenzo"]
[Black "Fiorili, Roberto"]
[Result "0-1"]
[WhiteElo "1820"]
[BlackElo "1939"]
[PlyCount "84"]
[EventDate "2007.06.14"]

1. e4 c5 2. Nf3 d6 3. d4 cxd4 4. Nxd4 Nf6 5. Nc3 a6 6. Be2 e6 7. O-O Qc7 8. Be3
Be7 9. f4 Nbd7 10. Qe1 b5 11. a3 Bb7 12. Bf3 Nb6 13. Kh1 Rc8 14. Bg1 Nc4 15.
Nd1 O-O 16. b3 Nb6 17. Nf2 Rfe8 18. Rc1 g6 19. Nh3 e5 20. Ne2 exf4 21. Nexf4
Bf8 22. Qf2 Nbd7 23. Nd5 Bxd5 24. exd5 Ne5 25. c3 Nd3 26. Qd4 Nxc1 27. Qxf6 Bg7
28. Qh4 Qxc3 29. Bg4 Rc7 30. Ng5 h6 31. Nxf7 Rxf7 32. Rxf7 Kxf7 33. Qf2+ Qf6
34. Qa7+ Kg8 35. Be6+ Kh7 36. Qd7 Rf8 37. Bg4 Qf1 38. h3 Rf7 39. Qxd6 Bd4 40.
Qh2 Qxg1+ 41. Qxg1 Bxg1 42. Kxg1 Nxb3 0-1

[Event "VI Festival Scacchi Verdi"]
[Site "Bresso ITA"]
[Date "2007.06.17"]
[Round "5"]
[White "Cimo', Alessandro"]
[Black "Cardani, Roberto"]
[Result "0-1"]
[WhiteElo "1530"]
[BlackElo "1904"]
[PlyCount "81"]
[EventDate "2007.06.14"]

1. d4 Nf6 2. c4 e6 3. Nc3 Bb4 4. Qc2 O-O 5. Bg5 c5 6. e3 cxd4 7. exd4 Nc6 8.
Nf3 d5 9. cxd5 exd5 10. Be2 Bg4 11. Rd1 h6 12. Bxf6 Qxf6 13. Qd2 Rfe8 14. O-O
Bxc3 15. bxc3 Na5 16. Ne5 Bxe2 17. Qxe2 Nc4 18. f4 Rac8 19. Rc1 Rc7 20. Rf2 Qa6
21. Qf3 Qa5 22. Nxc4 Rxc4 23. Rfc2 Ra4 24. Qf2 Rc8 25. Qd2 Rac4 26. Kf2 b5 27.
Ke3 Qc7 28. Kd3 Qd7 29. g3 Qf5+ 30. Ke3 b4 31. Qd3 Re8+ 32. Kd2 Qh3 33. Kd1 Re4
34. Rf2 bxc3 35. Rxc3 Rcxd4 36. a3 Rxd3+ 37. Rxd3 Qd7 38. Rb2 Qa4+ 39. Kd2 Qc6
40. h4 d4 41. Rb4 0-1

[Event "VI Festival Scacchi Verdi"]
[Site "Bresso ITA"]
[Date "2007.06.17"]
[Round "5"]
[White "D'Apa, Massimo"]
[Black "Garlera, Marco"]
[Result "1-0"]
[WhiteElo "1488"]
[BlackElo "1478"]
[PlyCount "47"]
[EventDate "2007.06.14"]

1. e4 e5 2. f4 d6 3. Nf3 Nd7 4. Bc4 h6 5. d3 Ngf6 6. O-O Be7 7. Nc3 c6 8. a3
Qc7 9. Kh1 O-O 10. fxe5 dxe5 11. Qe1 Nb6 12. Ba2 Bg4 13. Qg3 Kh7 14. Nxe5 Bd6
15. Bf4 Bxe5 16. Bxe5 Nxe4 17. Bxc7 Nxg3+ 18. Bxg3 f6 19. Rf4 Bh5 20. Re4 f5
21. Re7 Rad8 22. Be5 Nd5 23. Nxd5 cxd5 24. Bxd5 1-0

[Event "VI Festival Scacchi Verdi"]
[Site "Bresso ITA"]
[Date "2007.06.17"]
[Round "5"]
[White "Georgiev, Vladimir"]
[Black "Pelizzola, Danilo"]
[Result "1-0"]
[WhiteElo "2540"]
[BlackElo "2070"]
[PlyCount "141"]
[EventDate "2007.06.14"]

1. d4 Nf6 2. c4 e6 3. Nc3 Bb4 4. e3 b6 5. Bd3 Bb7 6. Nf3 O-O 7. O-O c5 8. Na4
cxd4 9. exd4 Be7 10. Nc3 d6 11. Re1 Nbd7 12. Qe2 Re8 13. Ng5 Nf8 14. Bc2 Rc8
15. Ba4 Bc6 16. Bxc6 Rxc6 17. d5 exd5 18. cxd5 Rc8 19. Nf3 Qd7 20. Nd4 Ng6 21.
Be3 Qb7 22. Rad1 Bf8 23. Nf5 Re5 24. Qf3 Qd7 25. Nd4 Ne7 26. Bf4 Rxe1+ 27. Rxe1
Rc5 28. Nb3 Rc8 29. Bg5 Ne8 30. Nd4 Ng6 31. Qe2 Nc7 32. h3 Re8 33. Qd1 Rxe1+
34. Qxe1 Be7 35. Bxe7 Qxe7 36. Qd2 Qe8 37. Nc6 Ne7 38. Nxa7 Qa8 39. Nab5 Nxb5
40. Nxb5 Nxd5 41. a3 Qc6 42. Nd4 Qd7 43. Qg5 Ne7 44. Qb5 Qc8 45. g3 Qd8 46. h4
g6 47. h5 Kg7 48. Qg5 Qd7 49. h6+ Kf8 50. Qf6 Nd5 51. Qh8+ Ke7 52. Qa8 Nc7 53.
Qb7 Ne6 54. Qxb6 Nxd4 55. Qxd4 Qc6 56. a4 Qc1+ 57. Kg2 Qc6+ 58. Kh2 Kd7 59. a5
Qb5 60. b4 Kc6 61. Qe4+ Kd7 62. Qd4 Kc6 63. Qc3+ Kd7 64. Kg2 Qd5+ 65. Qf3 Qc4
66. Qb7+ Ke6 67. a6 d5 68. a7 Qe4+ 69. Kh2 Qd4 70. Qa6+ Kf5 71. Qa2 1-0

[Event "VI Festival Scacchi Verdi"]
[Site "Bresso ITA"]
[Date "2007.06.17"]
[Round "5"]
[White "Madaschi, Sergio"]
[Black "Maremonti, Marco"]
[Result "1-0"]
[WhiteElo "1511"]
[BlackElo "1440"]
[PlyCount "91"]
[EventDate "2007.06.14"]

1. e4 c6 2. d4 d5 3. Nc3 dxe4 4. Nxe4 Bf5 5. Ng3 Bg6 6. Nf3 Nd7 7. Bc4 e6 8.
O-O Ngf6 9. Re1 h6 10. h3 Be7 11. Bd3 Bxd3 12. Qxd3 O-O 13. c4 Rc8 14. Bf4 Nb6
15. b3 Bd6 16. Bxd6 Qxd6 17. c5 Qc7 18. cxb6 Qxb6 19. Ne4 Nd5 20. Qd2 Rfd8 21.
Rac1 Qb4 22. Qxb4 Nxb4 23. Re2 Nd3 24. Rd1 Nf4 25. Red2 Nd5 26. a3 a5 27. Rc1
f6 28. Nc5 b6 29. Ne4 Nf4 30. Kf1 Nd5 31. Rdc2 Ne7 32. Ned2 b5 33. a4 Rd5 34.
Rc5 Kf7 35. axb5 Rxc5 36. Rxc5 cxb5 37. Rxb5 Ra8 38. Nc4 a4 39. bxa4 Rxa4 40.
Nd6+ Kg6 41. Rb1 Nd5 42. Re1 Ra6 43. Ne4 Nf4 44. Nc5 Ra3 45. Nxe6 Nd3 46. Rd1
1-0

[Event "VI Festival Scacchi Verdi"]
[Site "Bresso ITA"]
[Date "2007.06.17"]
[Round "5"]
[White "Mingolla, Patrizio"]
[Black "Pepa, Syrja"]
[Result "0-1"]
[WhiteElo "1488"]
[BlackElo "1817"]
[PlyCount "89"]
[EventDate "2007.06.14"]

1. e4 e5 2. Nf3 Nc6 3. Bb5 a6 4. Bxc6 dxc6 5. O-O Bd6 6. Re1 Bg4 7. d3 Qd7 8.
Nbd2 O-O-O 9. Nc4 f6 10. Ne3 Bh5 11. Nxe5 Bxd1 12. Nxd7 Bxc2 13. Nxc2 Rxd7 14.
Be3 c5 15. Rac1 Be5 16. Bxc5 Rxd3 17. b3 Nh6 18. Be3 a5 19. Bxh6 gxh6 20. g3
Rhd8 21. Ne3 Rd2 22. f4 Bd4 23. Kh1 Bxe3 24. Rxe3 Rxa2 25. Rec3 c6 26. R3c2
Rxc2 27. Rxc2 Rd3 28. Rc5 Re3 29. e5 fxe5 30. fxe5 Rxb3 31. Rxa5 Re3 32. Kg2 b5
33. Kf2 Rxe5 34. Ra6 Kb7 35. Ra3 b4 36. Rd3 Kb6 37. Rd7 c5 38. Rxh7 Re6 39. Rd7
b3 40. Rd2 Kb5 41. h4 Kb4 42. g4 Kc3 43. Re2 Rxe2+ 44. Kxe2 b2 45. g5 0-1

[Event "VI Festival Scacchi Verdi"]
[Site "Bresso ITA"]
[Date "2007.06.17"]
[Round "5"]
[White "Murli, Almerico"]
[Black "Marelli, Vittorio"]
[Result "1-0"]
[WhiteElo "1896"]
[BlackElo "1427"]
[PlyCount "39"]
[EventDate "2007.06.14"]

1. e4 e5 2. Nf3 Nc6 3. d4 exd4 4. Nxd4 Bc5 5. Nxc6 dxc6 6. Qxd8+ Kxd8 7. Bc4 f5
8. e5 Bd4 9. f4 Ne7 10. c3 Bb6 11. Nd2 Nd5 12. g3 Ne3 13. Bd3 Be6 14. Ke2 Bd5
15. Nf3 c5 16. Bxe3 c4 17. Bxf5 g6 18. Rhd1 c6 19. Bxb6+ axb6 20. Be4 1-0

[Event "VI Festival Scacchi Verdi"]
[Site "Bresso ITA"]
[Date "2007.06.17"]
[Round "5"]
[White "Nava, Mario"]
[Black "Brighenti, Alessandro"]
[Result "0-1"]
[WhiteElo "1431"]
[BlackElo "1597"]
[PlyCount "96"]
[EventDate "2007.06.14"]

1. c4 Nf6 2. Nc3 d5 3. cxd5 Nxd5 4. e4 Nxc3 5. bxc3 g6 6. Nf3 Bg7 7. Bc4 c5 8.
Qb3 O-O 9. Ng5 e6 10. d3 Nc6 11. Nf3 Na5 12. Qc2 Nxc4 13. dxc4 b6 14. a4 Ba6
15. O-O Bxc4 16. Re1 Bd3 17. Qd1 Bxc3 18. Re3 c4 19. e5 Bxa1 20. Ba3 Bc3 21.
Bxf8 Qxf8 22. Qc1 Qb4 23. Qd1 Rd8 24. h3 Qb3 25. Qc1 Qb2 26. Qd1 Qa1 27. Qxa1
Bxa1 28. Re1 Bc3 29. Rd1 Rd5 30. Ne1 Bxe5 31. Nf3 Bb2 32. Ne1 Bf5 33. Rxd5 exd5
34. Nf3 c3 35. Ne1 c2 36. Nxc2 Bxc2 37. Kh2 Bxa4 38. Kg3 Kg7 39. Kf4 Bc6 40. f3
a5 41. Ke3 a4 42. Kd3 a3 43. Kc2 Ba4+ 44. Kb1 d4 45. g4 Bb3 46. g5 d3 47. f4 d2
48. f5 d1=R# 0-1

[Event "VI Festival Scacchi Verdi"]
[Site "Bresso ITA"]
[Date "2007.06.17"]
[Round "5"]
[White "Ragoso, Mario"]
[Black "Basilico, Davide"]
[Result "1/2-1/2"]
[WhiteElo "1655"]
[BlackElo "1632"]
[PlyCount "69"]
[EventDate "2007.06.14"]

1. d4 d5 2. c4 e6 3. Nc3 Nf6 4. Nf3 Nbd7 5. Bf4 Be7 6. e3 Nh5 7. Bg3 O-O 8. a3
dxc4 9. Bxc4 Nb6 10. Bd3 f5 11. Ne5 Nf6 12. h4 g6 13. Qc2 Nh5 14. O-O-O Nxg3
15. fxg3 Bf6 16. Kb1 c6 17. Nf3 Nd5 18. Rhe1 Re8 19. Bc4 b5 20. Ba2 a5 21. Nxd5
cxd5 22. Rc1 Rb8 23. Qc7 Qxc7 24. Rxc7 b4 25. axb4 axb4 26. Bb3 Ba6 27. Rd1
Rec8 28. Rxc8+ Rxc8 29. Ng5 Bxg5 30. hxg5 Bc4 31. Ba4 Rc7 32. b3 Ba6 33. Rc1
Rxc1+ 34. Kxc1 Kf7 35. Bc6 1/2-1/2

[Event "VI Festival Scacchi Verdi"]
[Site "Bresso ITA"]
[Date "2007.06.17"]
[Round "5"]
[White "Rettore, Ludwig"]
[Black "D'Alessio, Angelo"]
[Result "0-1"]
[WhiteElo "2172"]
[BlackElo "1440"]
[PlyCount "122"]
[EventDate "2007.06.14"]

1. e4 e6 2. d4 d5 3. Nc3 Nf6 4. Bg5 Be7 5. e5 Nfd7 6. Bxe7 Qxe7 7. f4 a6 8. Nf3
c5 9. Bd3 Nc6 10. O-O cxd4 11. Ne2 Nc5 12. Nexd4 Nxd3 13. Qxd3 Bd7 14. Kh1 h6
15. c3 O-O 16. Rae1 Rac8 17. h3 f5 18. exf6 Rxf6 19. Ne5 Nxd4 20. Qxd4 Bb5 21.
Rf3 Qc5 22. Qd2 Rcf8 23. Ng4 Rg6 24. Qc2 Be8 25. f5 exf5 26. Rxf5 Rg5 27. Rxg5
hxg5 28. Qd2 Bg6 29. Qxg5 Qd6 30. Qe5 Qxe5 31. Rxe5 Rf1+ 32. Kh2 Rb1 33. Re2
Kh7 34. Rd2 Be4 35. Nf2 Kg6 36. Nxe4 dxe4 37. Kg3 Kf5 38. Rf2+ Ke5 39. Re2 b5
40. Kg4 Rf1 41. Kg5 Rf7 42. h4 Rf6 43. h5 Rf7 44. Kg6 Rd7 45. g3 Rc7 46. Re3
Rd7 47. b4 Rd3 48. Re2 Rxg3+ 49. Kf7 e3 50. Rc2 Kd5 51. a4 Kc4 52. axb5 axb5
53. Rc1 e2 54. Re1 Kd3 55. c4 bxc4 56. b5 Kd2 57. Rb1 Rb3 58. Rh1 e1=Q 59. Rxe1
Kxe1 60. Kxg7 Rxb5 61. h6 Rh5 0-1

[Event "VI Festival Scacchi Verdi"]
[Site "Bresso ITA"]
[Date "2007.06.17"]
[Round "5"]
[White "Smokina, Karolina"]
[Black "Barberi, Alessandro"]
[Result "1-0"]
[WhiteElo "2192"]
[BlackElo "2152"]
[PlyCount "53"]
[EventDate "2007.06.14"]

1. d4 g6 2. c4 Bg7 3. e4 d6 4. Nc3 Nd7 5. Nge2 e5 6. d5 Ne7 7. Ng3 O-O 8. Bd3
h6 9. O-O Nc5 10. Bc2 f5 11. exf5 Bxf5 12. Nge4 Nxe4 13. Bxe4 Bxe4 14. Nxe4 Nf5
15. a4 a5 16. Ra3 Qe8 17. Rh3 g5 18. Bd2 b6 19. Re1 Qg6 20. Qg4 Rf7 21. Rh5
Raf8 22. h4 Nxh4 23. Rxh4 Rf4 24. Bxf4 Rxf4 25. Qc8+ Rf8 26. Qg4 Rf4 27. Qh5
1-0

[Event "VI Festival Scacchi Verdi"]
[Site "Bresso ITA"]
[Date "2007.06.17"]
[Round "5"]
[White "Taglione, Giuseppe"]
[Black "D'Aulisa, Francesco"]
[Result "1/2-1/2"]
[WhiteElo "1403"]
[BlackElo "1856"]
[PlyCount "42"]
[EventDate "2007.06.14"]

1. e4 d6 2. d4 e6 3. Nf3 h6 4. Bd3 a6 5. Nc3 Nd7 6. b3 Ne7 7. Bb2 b6 8. Ne2 g5
9. d5 e5 10. h3 Ng6 11. Qd2 Be7 12. c4 Nf6 13. Nh2 Bd7 14. f3 Nf4 15. Nxf4 gxf4
16. Ng4 Nh5 17. O-O-O Ng3 18. Rhg1 f5 19. Nf2 Qc8 20. Qc2 Bg5 21. Kb1 Bh4
1/2-1/2